1ο Πανελλήνιο Συνέδριο για τους ηλεκτρονικούς υπολογιστές στην εκπαίδευση : πρακτικά : Θεσσαλονίκη 28,29 & 30 Ιανουαρίου 1984

Αποθηκεύτηκε σε:
Λεπτομέρειες βιβλιογραφικής εγγραφής
Συλλογικό Έργο: Πανελλήνιο Συνέδριο για τους Ηλεκτρονικούς Υπολογιστές στην Εκπαίδευση Θεσσαλονίκη, Ελληνική Μαθηματική Εταιρεία Παράρτημα Κεντρικής Μακεδονίας
Μορφή: Πρακτικό Συνεδρίου Βιβλίο
Γλώσσα:Greek
Δημοσίευση: Θεσσαλονίκη : Ελληνική Μαθηματική Εταιρεία, 1985
Θέματα:
Ετικέτες: Προσθήκη ετικέτας
Δεν υπάρχουν, Καταχωρήστε ετικέτα πρώτοι!

MARC

LEADER 00000cam a2200000 i 4500
001 1/8035
008 000626s1985 gre d
035 |l 10062525 
040 |a GR-MY-UA  |b gre  |e aacr 
041 0 |a gre 
082 0 |a 374.26 
111 2 |a Πανελλήνιο Συνέδριο για τους Ηλεκτρονικούς Υπολογιστές στην Εκπαίδευση  |n (1ο :  |d 1984 :  |c Θεσσαλονίκη) 
245 1 0 |a 1ο Πανελλήνιο Συνέδριο για τους ηλεκτρονικούς υπολογιστές στην εκπαίδευση :  |b πρακτικά : Θεσσαλονίκη 28,29 & 30 Ιανουαρίου 1984 /  |c Ελληνική Μαθηματική Εταιρεία. Παράρτημα Κεντρικής Μακεδονίας 
260 |a Θεσσαλονίκη :   |b Ελληνική Μαθηματική Εταιρεία,   |c 1985 
300 |a 185 σ.;  |c 23 εκ. 
650 0 0 |a Computers  |x Study and teaching  |x Congresses. 
650 0 0 |a Education  |x Data processing  |x Congresses. 
710 2 |a Ελληνική Μαθηματική Εταιρεία  |b Παράρτημα Κεντρικής Μακεδονίας. 
852 |a INST  |b RHODES  |e 20000626  |h 374.26 ΕΛΛ  |p 005400015491  |q 005400015491  |t BK  |y 0 
901 |a BIBL4-2000-2 
909 |a Ρ  |b 057177 
922 |a 4ΕΛΗ  |b 199805  |c ΚΠΣ/Ν  |d Emvasis 
970 |z 2000/06/Δεμένεγας (ELIDOC)